000 00885nam0a22002651 4500
001 rc\4015299
005 20130415130511.4
021 _aRU
_b[52-22285]
035 _a(NLR Aleph) 007947840
090 _a8320176
_c8320176
100 _a20130415d1952 |||y0rusy50 ca
101 0 _arus
102 _aRU
105 _aa z |||a|
200 1 _aСтихи
_eДля детей
_f[Сост. и предисл. Л. Ильина
_gИл.: Н. Никифоров]
210 _aКалинин
_cОбл. кн. изд-во
_d1952
215 _a48 с.
_cил.
_d21
700 1 _aДрожжин
_bС. Д.
_f1848-1930
_gСпиридон Дмитриевич
702 1 _aНикифоров
_bН.
_4440
702 1 _aИльин
_bЛ. А.
_gЛеонид Андреевич
_4220
_4080
801 0 _aRU
_bNLR
_gpsbo
801 1 _aRU
_bELAR
_2rusmarc
852 _aNLR
_jДл02 Г-4/1581
942 _cBOOK
980 _aNB